| 000 | 03837nam0a2200385 4500 | ||
|---|---|---|---|
| 001 | RU\NLR\BIBL_A\012929473 | ||
| 005 | 20221116133230.0 | ||
| 010 |
_a978-5-4358-0232-0 _9200 |
||
| 021 |
_aRU _bКН-П-22-062726 _9КН-П-22-5434 |
||
| 035 | _a(NLR Aleph) 012929473 | ||
| 035 | _a(RuMoRGB)011210820 | ||
| 090 |
_a12669782 _c12669782 |
||
| 100 | _a20221102d2022 k y0rusy50 ca | ||
| 101 | 0 | _arus | |
| 102 | _aRU | ||
| 105 | _aa|||z||||||z| | ||
| 181 | 1 |
_ai3 _baxxe |
|
| 182 | 1 | _an | |
| 200 | 1 |
_aРеконфигурируемые вычислительные системы на основе ПЛИС _eмонография _fИ. А. Каляев, И. И. Левин _gФедеральный исследовательский центр Южный научный центр Российской академии наук |
|
| 203 |
_aТекст _bвизуальный _cнепосредственный |
||
| 210 |
_aРостов-на-Дону _cИзд-во ЮНЦ РАН _d2022 |
||
| 215 |
_a474 с. _cил. _d26 . |
||
| 300 | _aНа 4-й с. обл. авт.: акад., д-р техн. наук, проф. И. А. Каляев, д-р техн. наук, проф. И. И. Левин | ||
| 300 | _aНа тит. с.: Южный научный центр Российской академии наук, 2002-2022: 20 лет | ||
| 320 | _aБиблиогр.: с. 460-474 (254 назв.) | ||
| 330 | _aКнига посвящена перспективному направлению развития суперкомпьютерных технологий - реконфигурируемым вычислительным системам. Основная идея данного подхода заключается в предоставлении пользователю возможности настройки (конфигурации) архитектуры суперкомпьютера под структуру решаемой им задачи. При этом в качестве вычислительного устройства суперкомпьютера используются не стандартные микропроцессоры, а множество соединенных между собой программируемых логических интегральных схем (ПЛИС) высокой степени интеграции, образующих единое вычислительное поле, в рамках которого пользователь может создавать проблемно-ориентированные вычислительные структуры, адекватные графу-алгоритму решаемой задачи. Данный подход обеспечивает возможность достижения высокой реальной производительности вычислительной системы, близкой к пиковой, а также ее линейный рост при наращивании аппаратного ресурса вычислительного поля ПЛИС за счет адаптации архитектуры вычислителя к структуре решаемой прикладной задачи | ||
| 606 | 1 |
_aВычислительные системы перестраиваемые _92153301 _3RU\NLR\AUTH\661601297 |
|
| 606 | 1 |
_aСуперкомпьютеры _91322657 _3RU\NLR\AUTH\66233933 |
|
| 686 | 1 | _aЗ973.202 | |
| 700 | 1 |
_aКаляев _bИ. А. _gИгорь Анатольевич |
|
| 701 | 1 |
_7ca _8rus _aЛевин _bИ. И. _cд-р техн. наук _f1962- _gИлья Израилевич _9248845 _3RU\NLR\AUTH\770248901 |
|
| 942 | _cBOOK | ||
| 980 | _aNB | ||